000 00341 a2200157 4500
001 154763
040 _cEscola São Tomás de Aquino
100 _aHIRAN, Gilberto
240 1 0 _aSociedade Brasileira
_lpor
245 1 0 _aSociedade Brasileira
300 _a599
362 0 _a2000
440 1 _aRecord
697 _aHISTÓRIA
942 _cBK
999 _c154763
_d154763